Make the New England Patriots Logo By Naming Players - Statistics

General Stats
  • This quiz has been taken 57 times
  • The average score is 4 of 7
Answers on the Map
Answers color-coded by a green-red scale on the quiz's map according to % correct below.
 
Answer Stats
Position Player % Correct
QB 🏈
100%
RB 🏈
67%
TE 🏈
49%
DL/LB 🏈
42%
WR1 🏈
40%
WR 🏈
40%
CB/S 🏈
35%
No matching quizzes found
Score Distribution
Percent of People with Each Score
Percentile by Number Answered
Your Score History
You have not taken this quiz